Technické materiály : Laboratórne cvičenia

Enregistré dans:
Détails bibliographiques
Auteurs principaux: Jankura, Daniel (Auteur), Brezinová, Janette (Auteur)
Format: Livre
Langue:slovaque
Publié: Košice : Technická univerzita v Košiciach, 2007
Édition:1. vyd. (dotlač)
Collection:Edícia študijnej literatúry
Sujets:
Tags: Ajouter un tag
Pas de tags, Soyez le premier à ajouter un tag!

MARC

LEADER 00000nam a22000003a 4500
001 stu179007
005 20150617230046.2
008 090130s2007----xo------------------slo-d
020 |a 978-80-8073-412-1 
040 |a STU  |b slo 
041 0 |a slo 
044 |a xo 
080 |a 620 
100 1 |a Jankura, Daniel  |4 aut 
245 1 |a Technické materiály :  |b Laboratórne cvičenia 
250 |a 1. vyd. (dotlač) 
260 |a Košice :  |b Technická univerzita v Košiciach,  |c 2007 
300 |a 75 s 
650 7 |a technické materiály  |2 stusub 
700 1 |a Brezinová, Janette  |4 aut 
830 0 |a Edícia študijnej literatúry 
996 |b 284M069583  |c M*S-1435-1  |l MMKN  |s A  |a 24  |w stu179007_0001